| 000 | 00576nam a22001937a 4500 | ||
|---|---|---|---|
| 005 | 20130612122519.0 | ||
| 010 | _aENG-107371 | ||
| 020 |
_a9781259026614 _c525.00 |
||
| 035 | _aEN-90904 | ||
| 037 | _bDBAD/PUB | ||
| 082 | _a658.8 | ||
| 100 | _aSarin, Sharad | ||
| 245 |
_aBusiness marketing : _cby Sharad Sarin _bconcepts and cases / |
||
| 260 |
_aNew Delhi _bTata Mc Graw Hill _c2013 |
||
| 270 |
_aP-24, Green Park Extension _bNew Delhi _e110016 |
||
| 300 |
_axvi, 654p. : _bill. _c24cm(pbk) |
||
| 500 | _aIncludes index | ||
| 942 |
_2ddc _cEN _mSAR _h658.8 |
||
| 999 |
_c75921 _d75921 |
||